000 01335nam a22003617a 4500
003 CHAP
005 20220329135403.0
008 971013s1978 r 00010 d
010 _a35488
011 _a36460
035 _a40579
040 _cCHAP
082 _a641.4
_bO76
110 _aOrganismo Internacional de Energía Atómica
_983512
245 _aFood preservation by irradiatio ; proceedings of an international symposium on food preservation...
260 _aVienna :
_bOIEA,
_c1978
300 _a2 v.
_b: ilus. ; gráfs.
490 _aProceedings series
590 _aBATCH-UPD
_b10
_c20130110
_lUCH01
_h1152
590 _aBATCH-UPD
_b10
_c20130410
_lUCH01
_h0735
590 _aBATCH-UPD
_b10
_c20130914
_lUCH01
_h0131
590 _aCONVERSION
_b10
_c20130109
_lUCH01
_h1320
650 1 4 _aAlimentos irradiados.
_94314
650 1 4 _aAlimentos
_xPreservación.
_94266
650 1 4 _aRadiación
_xEfecto en insectos.
_993670
830 0 _aProceedings series
_991731
901 _aBK
942 _cLIBRO
949 _a641.4 O76
_bBC
_cLIBRO
_d33724000279097
_eLIBRO
_fv.2 c.2
_h55954
_i40579
_si
949 _a641.4 O76
_bBC
_cLIBRO
_d33724000279105
_eLIBRO
_fv.2
_h676
_i40579
_si
949 _a641.4 O76
_bBC
_cLIBRO
_d33724000279113
_eLIBRO
_fv.1 c.2
_h55953
_i40579
_si
949 _a641.4 O76
_bBC
_cLIBRO
_d33724000279121
_eLIBRO
_h675
_i40579
_si
999 _c35488
_d35488